Name the Mountain - Statistics

General Stats
  • This quiz has been taken 37 times
  • The average score is 5 of 9
Answer Stats
Picture Answer % Correct
Fuji
100%
Rushmore
100%
Everest
97%
Uluru
77%
Vesuvius
42%
Etna
32%
Elbrus
26%
Erebus
3%
Thor
3%
No matching quizzes found
Score Distribution
Percent of People with Each Score
Percentile by Number Answered
Your Score History
You have not taken this quiz